Genes VI
Đã lưu trong:
| Hovedforfatter: | |
|---|---|
| Format: | Bog |
| Sprog: | Undetermined |
| Udgivet: |
Oxford
Oxford University Press
1997
|
| Fag: | |
| Tags: |
Tilføj Tag
Ingen Tags, Vær først til at tagge denne postø!
|
| Thư viện lưu trữ: | Trung tâm Học liệu Trường Đại học Cần Thơ |
|---|
| LEADER | 00455nam a2200181Ia 4500 | ||
|---|---|---|---|
| 001 | CTU_29938 | ||
| 008 | 210402s9999 xx 000 0 und d | ||
| 082 | |a 575.1 | ||
| 082 | |b L672 | ||
| 100 | |a Lewin, Benjamin | ||
| 245 | 0 | |a Genes VI | |
| 245 | 0 | |c Benjamin Lewin | |
| 260 | |a Oxford | ||
| 260 | |b Oxford University Press | ||
| 260 | |c 1997 | ||
| 650 | |a genetics | ||
| 904 | |i Liên, 981223 | ||
| 980 | |a Trung tâm Học liệu Trường Đại học Cần Thơ | ||